00577 2200181 4500245004600000020001800046250001100064100002200075700001300097650001700110005001900127260002600146041001400172084000800186300002300194500016900217336000900386 aA Reason To LovecDania IndarastutihText a602-8150-30-4 aCet. 1 aDania Indarastuti aAz-Zahra aNovel Remaja a20231004091314 aKlatenbi-teensc2012 aIndonesia a813 a172 hlm. :c20 cm. aJUDUL: AREASON TO LOVEKetika cinta terbatas ruang dan waktu Aku menantimu di pulau Jeju untuk melihat matahari terbit. Ini permintaan terakhirku . Anneyonghi Gaseyo atext